Catálogo

EL LENGUAJE : (Registro nro. 19090)

Detalles MARC
000 -LEADER
fixed length control field 00516nam a2200181 a 4500
001 - CONTROL NUMBER
control field 19090
005 - DATE AND TIME OF LATEST TRANSACTION
control field 20180713212501.0
008 - FIXED-LENGTH DATA ELEMENTS--GENERAL INFORMATION
fixed length control field 140415s1962 000 0 spa d
041 ## - LANGUAGE CODE
Language code of text/sound track or separate title spa
082 ## - DEWEY DECIMAL CLASSIFICATION NUMBER
Classification number 401.9
Item number SAP
100 1# - MAIN ENTRY--PERSONAL NAME
Personal name SAPIR, EDWARD
245 13 - TITLE STATEMENT
Title EL LENGUAJE :
Remainder of title INTRODUCCION AL ESTUDIO DEL HABLA
250 ## - EDITION STATEMENT
Edition statement 2a ed.
260 ## - PUBLICATION, DISTRIBUTION, ETC.
Place of publication, distribution, etc. [s.l.] :
Name of publisher, distributor, etc. FONDO DE CULTURA ECONOMICA,
Date of publication, distribution, etc. 1962
300 ## - PHYSICAL DESCRIPTION
Extent 280
490 ## - SERIES STATEMENT
Series statement BREVIARIOS DEL FONDO DE CULTURA ECONOMICA
Volume/sequential designation 96
650 14 - SUBJECT ADDED ENTRY--TOPICAL TERM
Topical term or geographic name entry element PSICOLINGUISTICA
Existencias
Withdrawn status Lost status Source of classification or shelving scheme Damaged status Not for loan Collection code Home library Current library Shelving location Date acquired Source of acquisition Inventory number Total Checkouts Full call number Barcode Date last seen Date last checked out Price effective from Koha item type
    Dewey Decimal Classification     General Biblioteca Karol Wojtyla Biblioteca Karol Wojtyla Sala general 03/12/2013 Compra 151000000000000000042406   401.9 SAP 38550 05/01/2026 17/03/2017 03/12/2013 Libro